00441nam a2200169Ia 4500008004100000020001300041050001400054100002100068245003700089245005800126260001500184260001800199260000900217300001500226300002000241300001000261170918s9999 xx 000 0 und d a64408272 bB872 1999 aBrooker, Gregory 4aThe adventures of Stuart little/ cscreenplay by Gregory J. Brooker and Night Shyamalan. aColumbia : bHarperTrophy, c1999 a64 pages : billustrations ; c19cm.